000 00484nam a2200193Ia 4500
003 GCL
008 140319s9999 xx 000 0 eng d
040 _aGCL /
_cGCL
082 0 4 _a708
_bF B
100 1 _aFANTAR, MHAMED
245 1 0 _aLE BARDO: UN PALAIS UN MUSEE /
_cFANTAR, MHAMED
260 _a[S.N] :
_bA LIFE LES GUIDES ،
_c1989
300 _a154 P
650 0 4 _aMUSEUMS
650 0 4 _aPALACES
650 0 4 _aDECORATIVE ARTS
650 0 4 _aART, DECORATIVE
942 _2ddc
_cBK
999 _c19375
_d19375